000
00333nam a22001457a 4500
008
181031b xxu||||| |||| 00| 0 eng d
020
_a
9780674048355
041
_a
eng
080
_a
101
082
_a
101
100
_a
24
101
_a
FIL
245
_a
Boethius the consolation of Philosophy
_c
Slavitt.D.R
942
_2
udc
_c
BK
999
_c
51223
_d
51223